000 00461nam a2200217Ia 4500
003 IT-RoPAU
008 120407s9999 xx 000 0 und d
040 _aIT-RoPAU
040 _cIT-RoPAU
041 _aita
100 _aSilvio Riva
245 _aLa pedagogia religiosa del Novecento in Italia
250 _aBrescia
260 _aLa Scuola
260 _c1982
300 _a380 p.
300 _c23 cm
490 _v1
942 _cBK
999 _c33753
_d33753